Les tubes de Dua Lipa classés dans le Top 10 en France - Statistiques

Statistiques générales
  • Ce quiz a été pris 129 fois
  • Le résultat moyen est 3 sur 5
Statistiques - réponses
Position dans les charts année de sortie Single % Correct
7 2023 Houdini
82%
5 2023 Dance the Night
69%
1 2020 Fever
67%
2 2018 One Kiss
66%
9 2021 Cold Heart
39%
Aucun quiz correspondant
Distribution des résultats
% des personnes avec chaque résultat
Percentile par nombre de réponses
Votre historique - résultats
Vous n’avez pas pris ce quiz